| 000 | 00346nam a2200121Ia 4500 | ||
|---|---|---|---|
| 008 | 230524s9999 xx 000 0 und d | ||
| 100 | _a"Grady Booch, James Rumbaugh, Ivar Jacobson" | ||
| 245 | 4 | _aThe Unified Modeling Language User Guide (Covers UML 2.0) | |
| 260 | _bPearson | ||
| 500 | _aQuantity Number: 3 | ||
| 650 | _aComp-Sc | ||
| 942 | _cBK | ||
| 999 |
_c49990 _d49990 |
||